|
|
|
|
| LEADER |
01741nam a2200445 a 4500 |
| 001 |
nkc20102095303 |
| 003 |
CZ PrNK |
| 005 |
20160218181839.0 |
| 007 |
ta |
| 008 |
100407s2010 xr e p 001 0 cze |
| 015 |
|
|
|a cnb002095303
|
| 020 |
|
|
|a 978-80-7380-263-9
|q (brož.)
|
| 035 |
|
|
|a (OCoLC)649801164
|
| 040 |
|
|
|a ABA001
|b cze
|d BOA001
|
| 041 |
0 |
|
|a cze
|b eng
|
| 043 |
|
|
|a e-xr---
|
| 072 |
|
7 |
|a 35
|x Veřejná správa
|2 Konspekt
|9 15
|
| 072 |
|
7 |
|a 37.016
|x Učební osnovy. Vyučovací předměty. Učebnice
|2 Konspekt
|9 22
|
| 080 |
|
|
|a 35
|2 MRF
|
| 080 |
|
|
|a (437.3)
|2 MRF
|
| 080 |
|
|
|a (075.8)
|2 MRF
|
| 100 |
1 |
|
|a Horzinková, Eva,
|d 1951-
|7 jn20000810252
|4 aut
|
| 245 |
1 |
0 |
|a Základy organizace veřejné správy v ČR /
|c Eva Horzinková, Vladimír Novotný
|
| 250 |
|
|
|a 2., upr. vyd.
|
| 260 |
|
|
|a Plzeň :
|b Vydavatelství a nakladatelství Aleš Čeněk,
|c 2010
|
| 300 |
|
|
|a 233 s. ;
|c 21 cm
|
| 504 |
|
|
|a Obsahuje bibliografii, bibliografické odkazy a rejstřík
|
| 546 |
|
|
|a Anglické resumé
|
| 650 |
0 |
7 |
|a veřejná správa
|7 ph127076
|z Česko
|2 czenas
|
| 650 |
0 |
9 |
|a public administration
|z Czechia
|2 eczenas
|
| 655 |
|
7 |
|a učebnice vysokých škol
|7 fd133772
|2 czenas
|
| 655 |
|
9 |
|a textbooks (higher)
|2 eczenas
|
| 700 |
1 |
|
|a Novotný, Vladimír,
|d 1957-
|7 mzk2005286595
|4 aut
|
| 856 |
4 |
1 |
|u http://www.digitalniknihovna.cz/mzk/uuid/uuid:548d7b20-58e9-11e4-bc71-005056827e52
|y Digitalizovaný dokument
|x NDK
|
| 910 |
2 |
|
|a BOA001
|b 2-1243.902
|
| 990 |
|
|
|a BK
|
| 995 |
|
|
|a 01
|
| 991 |
|
|
|b 201006
|c NOV
|j 35 HOR
|
| 996 |
6 |
|
|b 2610438323
|c 2-1243.902
|l MZK
|r HSS 4p
|n 0
|p p.v.
|h 35 HOR
|w 001124378
|u 000010
|a 0
|e BOA001
|j MZK50
|s P
|
| 996 |
6 |
|
|b 2610533173
|c 2-1243.902
|l MZK
|r Sklad / do 1 hodiny
|n 10
|p kup
|w 001124378
|u 000020
|a 1
|e BOA001
|j MZK50
|s P
|